| 000 | 00724nam a2200205Ia 4500 | ||
|---|---|---|---|
| 003 | GCL | ||
| 008 | 140319s9999 xx 000 0 ara d | ||
| 040 |
_aGCL / _cGCL |
||
| 082 | 0 | 4 |
_a371.3 _bع م |
| 100 | 1 | _aعبدالحافظ محمد سلامة | |
| 245 | 1 | 0 |
_aمدخل الى تكنولوجيا التعليم / _cعبدالحافظ محمد سلامة |
| 260 |
_a[S.N] : _bدار الفكر للدراسات والنشر والتوزيع ، _c1992 |
||
| 300 | _a140 ص | ||
| 490 |
_aسلسلة المصادر التعليمية _v0 |
||
| 650 | 0 | 4 | _aمصر |
| 650 | 0 | 4 | _aالتعليم |
| 650 | 0 | 4 | _aالوسائل التعليمية |
| 650 | 0 | 4 | _aالوسائل السمعية والبصرية |
| 942 |
_2ddc _cBK |
||
| 999 |
_c54459 _d54459 |
||